| 000 | 00502nam a2200205Ia 4500 | ||
|---|---|---|---|
| 008 | 160803s9999 xx 000 0 und d | ||
| 020 | _a978-1402244124 | ||
| 100 | _aBoudreau, Helene | ||
| 245 | _aReal mermaids don't wear toe rings / | ||
| 245 | _cHélène Boudreau. | ||
| 260 | _aNew York : | ||
| 260 | _bScholastic Inc. | ||
| 260 | _c2010 | ||
| 300 | _a206 pages ; | ||
| 300 | _c18 cm | ||
| 650 | _aMermaids -- | ||
| 650 | _aMermaids. | ||
| 650 | _xJuvenile fiction. | ||
| 700 | _a670 | ||
| 999 |
_c298388 _d298388 |
||